| 000 | 00860nas a2200289 4500 | ||
|---|---|---|---|
| 001 | BR9801055 | ||
| 003 | BR-BrBNA | ||
| 005 | 20231205100930.0 | ||
| 007 | ta | ||
| 008 | 230509b bl.|||p| |||| 00| 00por d | ||
| 040 |
_aBR-BrBNA _bpor _cBiblioteca Nacional de Agricultura |
||
| 041 | _a(Pt) | ||
| 072 | _aQ02 | ||
| 100 | 1 | _aMelo, D.R.G. de A. | |
| 100 | 1 | _aGeraldine, D.G. | |
| 100 | 1 | _aSa, J.M. de | |
| 100 | 1 | _aBernardes, J.J. | |
| 100 | 1 | _aSilva Junior, R.P. da | |
| 245 | 1 | _aIndustria de leite em Goias - 1993 | |
| 650 | _aLeite | ||
| 650 | _aLaticinio | ||
| 650 | _aIndustria Agricola | ||
| 650 | _aGoias | ||
| 773 | 0 |
_tAnais da Escola de Agronomia e Veterinaria - Universidade Federal de Goias (Brazil) _xISSN 0100-218X _g(Jan-Dec 1994), v. 24(1) p. 56-80 _wBR9801055 |
|
| 909 |
_a202311 _bLúcia _c55 _dLúcia Elande |
||
| 942 |
_2AGRIS _n0 _cANA |
||
| 999 |
_c158855 _d158855 |
||